Institut Américain De Droit International Historique Notes Opinions / (Record no. 63959)
[ view plain ]
| 000 -LEADER | |
|---|---|
| fixed length control field | 01377nam a2200301 i 4500 |
| 003 - CONTROL NUMBER IDENTIFIER | |
| control field | EG-GICUC |
| 005 - DATE AND TIME OF LATEST TRANSACTION | |
| control field | 20260221215039.0 |
| 008 - FIXED-LENGTH DATA ELEMENTS--GENERAL INFORMATION | |
| fixed length control field | 260221s1916 us ||||fr|||| 00| 0 eng d |
| 040 ## - CATALOGING SOURCE | |
| Original cataloging agency | EG-GiCUC |
| Language of cataloging | eng |
| Transcribing agency | EG-GiCUC |
| Modifying agency | EG-GiCUC |
| Description conventions | rda |
| 082 04 - DEWEY DECIMAL CLASSIFICATION NUMBER | |
| Edition number | 21 |
| Classification number | 341 |
| Item number | RO . I |
| 092 04 - LOCALLY ASSIGNED DEWEY CALL NUMBER (OCLC) | |
| Edition number | 21 |
| 099 ## - LOCAL FREE-TEXT CALL NUMBER (OCLC) | |
| Classification number | Law1 11 341 RO . I 1916 |
| 100 1# - MAIN ENTRY--PERSONAL NAME | |
| Personal name | Rousseau, Jean Jacques |
| Relator term | Author. |
| 245 10 - TITLE STATEMENT | |
| Title | Institut Américain De Droit International Historique Notes Opinions / |
| Remainder of title | |
| Statement of responsibility, etc. | Jean Jacques Rousseau. |
| Number of part/section of a work | |
| 264 #1 - PRODUCTION, PUBLICATION, DISTRIBUTION, MANUFACTURE, AND COPYRIGHT NOTICE | |
| Place of production, publication, distribution, manufacture | Washington : |
| Name of producer, publisher, distributor, manufacturer | Institut Americain De Droit International, |
| Date of production, publication, distribution, manufacture, or copyright notice | 1916. |
| 300 ## - PHYSICAL DESCRIPTION | |
| Extent | 145pages : |
| Other physical details | illustrations, |
| Dimensions | 24 cm |
| 336 ## - CONTENT TYPE | |
| Source | rda content |
| Content type term | text |
| 337 ## - MEDIA TYPE | |
| Source | rda media |
| Media type term | Computer |
| 338 ## - CARRIER TYPE | |
| Source | rda carrier |
| Carrier type term | Online Resource |
| 500 ## - GENERAL NOTE | |
| General note | Le Premier Et Le Plus Grand Intérêt Est Toujours La Justice. Tout Seulent Que Les Conditions Soient Igales Pour Tous, Et La Justice W'est Que Cette Égalité. Le Citoyen Ne Veut Que Les Lois Et Que Pobservation Des Lois. Chaque Particulier Dans Le Peuple Aait Bien Que, S'il Y a Des Exceptions, Elles Ne Seront Pas en Sa Faveur. Ainsi Tous Craignent Les Exceptions; Et Qui Craint Les Exceptions Aime La Loi. |
| 504 ## - BIBLIOGRAPHY, ETC. NOTE | |
| Bibliography, etc. note | |
| 546 ## - LANGUAGE NOTE | |
| Language note | Text in English |
| 650 14 - SUBJECT ADDED ENTRY--TOPICAL TERM | |
| Topical term or geographic name entry element | Public international law |
| Source of heading or term | |
| 651 1# - SUBJECT ADDED ENTRY--GEOGRAPHIC NAME | |
| Source of heading or term | |
| 856 40 - ELECTRONIC LOCATION AND ACCESS | |
| Uniform Resource Identifier | <a href="https://fll.law.cu.edu.eg/fulltext/bks/B11-00163.pdf">https://fll.law.cu.edu.eg/fulltext/bks/B11-00163.pdf</a> |
| 905 ## - Cataloger and Reviser Names | |
| Cataloger Name: | Dina |
| 942 ## - ADDED ENTRY ELEMENTS (KOHA) | |
| Source of classification or shelving scheme | Dewey Decimal Classification |
| Koha item type | Books |
| Edition | 21 |
| Suppress in OPAC | No |
| Withdrawn status | Lost status | Source of classification or shelving scheme | Damaged status | Not for loan | Collection | Home library | Current library | Date acquired | Total checkouts | Full call number | Barcode | Date last seen | Copy number | Price effective from | Koha item type |
|---|---|---|---|---|---|---|---|---|---|---|---|---|---|---|---|
| Dewey Decimal Classification | Not for loan | القانون الدولي العام | جــــامعة القــاهرة | مكتبة كلية الحقوق - المبنى الرئيسي | 21.02.2026 | Law1 11 341 RO . I 1916 1100163 C1 | B11-00163 | 21.02.2026 | 1 | 21.02.2026 | Books |